00500nam a2200193 a 4500001001300000003000900013005001700022008004100039020001100080082001600091100002000107245004100127260003900168300000900207500003500216505001700251650001800268700002000286nice12345678IN_TiNIC20260116012303.0050524s1979 lona grp 000 0 eng  ac68.900a297.52bRAH aRahman, Afzalur aPrayer Its Significance and Benefits aLondonbMuslim Schools Trustc1979 a302p aincludes index and biblioraphy2 aBibliography aIslam-Prayers1 aRahman, Afzalur